| 000 | 00461nam a2200157 a 4500 | ||
|---|---|---|---|
| 001 | 4325 | ||
| 003 | CDMR | ||
| 005 | 20131205111355.0 | ||
| 008 | 130130s1989||||||||||||||||||||||||||||d | ||
| 040 |
_aCDMR _bcat _cCDMR |
||
| 245 | 0 | _aDirectori dels arxius de Catalunya | |
| 260 |
_aBarcelona _c1989 _bDirecció General del Patrimoni Cultural. Servei d'arxius |
||
| 650 | 0 | 4 |
_93855 _aPatrimoni cultural _zCatalunya |
| 650 | 0 | 4 |
_94307 _aArxius _vDirectoris |
| 942 |
_cMON _2udc |
||
| 999 |
_c4325 _d4325 |
||